| 000 | 00463nam a2200181Ia 4500 | ||
|---|---|---|---|
| 001 | 18630 | ||
| 005 | 20260306171644.0 | ||
| 008 | 260306s9999||||xx |||||||||||||| ||und|| | ||
| 041 | _aESP | ||
| 082 |
_a658.4092 _bL99 2008 |
||
| 100 |
_aLussier, Robert N. _eAUT |
||
| 245 | 0 |
_aLiderazgo: _bTeoría, aplicación, desarrollo de habilidades |
|
| 260 | _c2008 | ||
| 300 |
_a498 páginas : _c26 cm. |
||
| 650 | _aGEN | ||
| 654 | _aCAN | ||
| 942 |
_cLIB _dJUS _fJUS _2ddc _n |
||
| 999 |
_c18630 _d18630 |
||